logo

Bir Sreshtho Munshi Abdur Rouf Library
Jhenaidah Cadet College

Trends in Gerontology / (Record no. 6918)

MARC details
000 -LEADER
fixed length control field 00564nam a2200229 a 4500
001 - CONTROL NUMBER
JCCL Control Number 6918
003 - CONTROL NUMBER IDENTIFIER
JCCL marc code BD-JhCC
005 - DATE AND TIME OF LATEST TRANSACTION
control field 20180217110639.0
008 - FIXED-LENGTH DATA ELEMENTS--GENERAL INFORMATION
fixed length control field 180201s1957 u |||| || | 001 0 eng d
035 ## - SYSTEM CONTROL NUMBER
system control number (BD-JhCC)6918
040 ## - CATALOGING SOURCE
Original cataloging agency BD-JhCC
Modifying agency BD-JhCC
041 ## - LANGUAGE CODE
Language code of Book eng
082 ## - DEWEY DECIMAL CLASSIFICATION NUMBER
Classification number 362.6
Author mark and Year SHO 1957
100 ## - MAIN ENTRY--PERSONAL NAME
Personal name Shock, Nathan W.
245 ## - TITLE STATEMENT
Title Trends in Gerontology /
Statement of responsibility, etc Nathan W. Shock,
250 ## - EDITION STATEMENT
Edition statement 2nd ed.
260 ## - PUBLICATION, DISTRIBUTION, ETC. (IMPRINT)
Place of publication, distribution, etc USA :
Name of publisher, distributor, etc Stanford University Press,
Date of publication, distribution, etc 1957
300 ## - PHYSICAL DESCRIPTION
Pagination 214 p. :
Dimensions 24 cm.
650 ## - SUBJECT ADDED ENTRY--TOPICAL TERM
Topical term or geographic name as entry element Old age
942 ## - ADDED ENTRY ELEMENTS (KOHA)
Source of classification or shelving scheme Dewey Decimal Classification
Koha item type Books
Holdings
Source of classification or shelving scheme Damaged status Not for loan Home library Current library Shelving location Date of accession Total Checkouts Full call number Barcode Date last seen Copy number Koha item type
Dewey Decimal Classification     JCC Rouf Library JCC Rouf Library General Stacks 02/01/2018   362.6 SHO 1957 9462 02/01/2018 C-1 Books

JCC Library | Contacts | JCC Home

Last Update on 23 September 2017
Copyright @ 2017-2020 JCC Rouf Library
Rouf Library, Jhenidah Cadet College (JCC), Bangladesh